Perceptions of faith education a survey study (Record no. 174265)

MARC details
000 -LEADER
fixed length control field 00546nam a2200205Ia 4500
003 - CONTROL NUMBER IDENTIFIER
control field OSt
005 - DATE AND TIME OF LATEST TRANSACTION
control field 20251110184614.0
008 - FIXED-LENGTH DATA ELEMENTS--GENERAL INFORMATION
fixed length control field 210423s2003 xx 000 0 und d
040 ## - CATALOGING SOURCE
Transcribing agency AL
041 ## - LANGUAGE CODE
Language code of text/sound track or separate title English
082 ## - DEWEY DECIMAL CLASSIFICATION NUMBER
Classification number 370
Item number FERP
100 ## - MAIN ENTRY--PERSONAL NAME
Personal name Gracy Fernandes
9 (RLIN) 123342
245 ## - TITLE STATEMENT
Title Perceptions of faith education a survey study
260 ## - PUBLICATION, DISTRIBUTION, ETC.
Place of publication, distribution, etc. Mumbai
Name of publisher, distributor, etc. College of social work
Date of publication, distribution, etc. 2003
300 ## - PHYSICAL DESCRIPTION
Extent 156p.
Other physical details PB
Dimensions 25x18.3cm.
365 ## - TRADE PRICE
Currency code INR
440 ## - SERIES STATEMENT/ADDED ENTRY--TITLE
Volume/sequential designation 1
906 ## - LOCAL DATA ELEMENT F, LDF (RLIN)
a education ; faith ; Perceptions ; study. ; survey
942 ## - ADDED ENTRY ELEMENTS (KOHA)
Source of classification or shelving scheme Dewey Decimal Classification
Koha item type Book
Holdings
Withdrawn status Lost status Damaged status Not for loan Collection code Home library Current library Date acquired Total Checkouts Full call number Barcode Date last seen Price effective from Koha item type
        MSW St Aloysius PG Library St Aloysius PG Library 03/31/2006   370 FERP PG020937 08/24/2022 04/26/2021 Book